Разработка способов десульфуризации трансформаторных масел; Химия и химическая технология в XXI веке; Т. 2
| Parent link: | Химия и химическая технология в XXI веке: материалы XVI Международной научно-практической конференции студентов и молодых ученых, посвященной 115-летию со дня рождения профессора Л. П. Кулёва, Томск, 25-29 мая 2015 г./ Национальный исследовательский Томский политехнический университет (ТПУ) ; Институт природных ресурсов (ИПР) ; Институт физики высоких технологий (ИФВТ) ; Физико-технический институт (ФТИ) ; Российский фонд фундаментальных исследований (РФФИ).— , 2015 Т. 2.— 2015.— [С. 40-41] |
|---|---|
| Hlavní autor: | |
| Korporativní autor: | |
| Další autoři: | , |
| Shrnutí: | Заглавие с титульного экрана |
| Jazyk: | ruština |
| Vydáno: |
2015
|
| Edice: | Технология и моделирование процессов подготовки и переработки углеводородного сырья |
| Témata: | |
| On-line přístup: | http://earchive.tpu.ru/handle/11683/19501 http://www.lib.tpu.ru/fulltext/c/2015/C27/V2/019.pdf |
| Médium: | MixedMaterials Elektronický zdroj Kapitola |
| KOHA link: | https://koha.lib.tpu.ru/cgi-bin/koha/opac-detail.pl?biblionumber=613226 |
MARC
| LEADER | 00000naa2a2200000 4500 | ||
|---|---|---|---|
| 001 | 613226 | ||
| 005 | 20231101132740.0 | ||
| 035 | |a (RuTPU)RU\TPU\conf\11358 | ||
| 035 | |a RU\TPU\conf\11357 | ||
| 090 | |a 613226 | ||
| 100 | |a 20150709d2015 k y0rusy50 ca | ||
| 101 | 0 | |a rus | |
| 102 | |a RU | ||
| 105 | |a y z 101zy | ||
| 135 | |a drcn ---uucaa | ||
| 181 | 0 | |a i | |
| 182 | 0 | |a b | |
| 200 | 1 | |a Разработка способов десульфуризации трансформаторных масел |f Э. Б. Ерещенко |g науч. рук. M. Mellah, Н. А. Осипова | |
| 203 | |a Текст |c электронный | ||
| 225 | 1 | |a Технология и моделирование процессов подготовки и переработки углеводородного сырья | |
| 230 | |a 1 компьютерный файл (pdf; 551 Kb) | ||
| 300 | |a Заглавие с титульного экрана | ||
| 337 | |a Adobe Reader | ||
| 461 | 1 | |0 (RuTPU)RU\TPU\conf\10702 |t Химия и химическая технология в XXI веке |o материалы XVI Международной научно-практической конференции студентов и молодых ученых, посвященной 115-летию со дня рождения профессора Л. П. Кулёва, Томск, 25-29 мая 2015 г. |o в 2 т. |f Национальный исследовательский Томский политехнический университет (ТПУ) ; Институт природных ресурсов (ИПР) ; Институт физики высоких технологий (ИФВТ) ; Физико-технический институт (ФТИ) ; Российский фонд фундаментальных исследований (РФФИ) |d 2015 | |
| 463 | 1 | |0 (RuTPU)RU\TPU\conf\10705 |t Т. 2 |v [С. 40-41] |d 2015 | |
| 610 | 1 | |a труды учёных ТПУ | |
| 610 | 1 | |a электронный ресурс | |
| 610 | 1 | |a десульфуризация | |
| 610 | 1 | |a трансформаторные масла | |
| 610 | 1 | |a силовые трансформаторы | |
| 610 | 1 | |a электрическая энергия | |
| 610 | 1 | |a переменный ток | |
| 700 | 1 | |a Ерещенко |b Э. Б. | |
| 702 | 1 | |a Mellah |b M. |4 727 | |
| 702 | 1 | |a Осипова |b Н. А. |c геохимик и геоэколог |c доцент Томского политехнического университета, кандидат химических наук |f 1958- |g Нина Александровна |2 stltpush |4 727 | |
| 712 | 0 | 2 | |a Национальный исследовательский Томский политехнический университет (ТПУ) |b Институт природных ресурсов (ИПР) |b Кафедра геоэкологии и геохимии (ГЭГХ) |h 259 |2 stltpush |3 (RuTPU)RU\TPU\col\18658 |
| 801 | 2 | |a RU |b 63413507 |c 20210204 |g RCR | |
| 856 | 4 | |u http://earchive.tpu.ru/handle/11683/19501 | |
| 856 | 4 | |u http://www.lib.tpu.ru/fulltext/c/2015/C27/V2/019.pdf | |
| 942 | |c BK | ||